The Constitutional law of Bangladesh: (Record no. 57761)
[ view plain ]
| 000 -LEADER | |
|---|---|
| fixed length control field | 00766nam a22002297a 4500 |
| 001 - CONTROL NUMBER | |
| control field | 57761 |
| 005 - DATE AND TIME OF LATEST TRANSACTION | |
| control field | 20260415105658.0 |
| 008 - FIXED-LENGTH DATA ELEMENTS--GENERAL INFORMATION | |
| fixed length control field | 260413s2023 |||||||| |||| 00| 0 eng d |
| 020 ## - INTERNATIONAL STANDARD BOOK NUMBER | |
| ISBN | 9789819925780 |
| 040 ## - CATALOGING SOURCE | |
| Original cataloging agency | BD-DhIUB |
| Transcribing agency | BD-DhIUB |
| Modifying agency | BD-DhIUB |
| 082 ## - DEWEY DECIMAL CLASSIFICATION NUMBER | |
| Edition number | 22 |
| Classification number | 342.5492 |
| Item number | C7651 |
| 245 ## - TITLE STATEMENT | |
| Title | The Constitutional law of Bangladesh: |
| Remainder of title | progression and transformation at its 50th anniversary/ |
| Statement of responsibility, etc | edited by M Rafiqul Islam, Muhammad Ekramul Haque. |
| 260 ## - PUBLICATION, DISTRIBUTION, ETC. (IMPRINT) | |
| Place of publication, distribution, etc | Singapore: |
| Name of publisher, distributor, etc | Springer Nature Singapore Ltd. |
| Date of publication, distribution, etc | 2023 |
| 300 ## - PHYSICAL DESCRIPTION | |
| Extent | xxx;.424p |
| Dimensions | 24cm |
| 526 ## - STUDY PROGRAM INFORMATION NOTE | |
| School name | School of Law |
| Department | Law |
| Shelving Location | Law |
| 541 ## - IMMEDIATE SOURCE OF ACQUISITION NOTE | |
| Source of acquisition | Risaam |
| 650 #0 - SUBJECT ADDED ENTRY--TOPICAL TERM | |
| Topical term or geographic name as entry element | Constitutional law |
| 9 (RLIN) | 6786 |
| 651 #4 - SUBJECT ADDED ENTRY--GEOGRAPHIC NAME | |
| Geographic name | Bangladesh |
| 9 (RLIN) | 374 |
| 700 ## - ADDED ENTRY--PERSONAL NAME | |
| Personal name | Islam, M. Rafiqul |
| 9 (RLIN) | 4879 |
| 700 ## - ADDED ENTRY--PERSONAL NAME | |
| Personal name | Haque, Muhammad Ekramul |
| 9 (RLIN) | 6602 |
| 942 ## - ADDED ENTRY ELEMENTS (KOHA) | |
| Source of classification or shelving scheme | Dewey Decimal Classification |
| Koha item type | Books |
| Withdrawn status | Lost status | Source of classification or shelving scheme | Damaged status | Not for loan | Home library | Current library | Shelving location | Date acquired | Source of acquisition | Cost, normal purchase price | Serial Enumeration / chronology | Total Checkouts | Full call number | Barcode | Date last seen | Copy number | Cost, replacement price | Price effective from | Koha item type |
|---|---|---|---|---|---|---|---|---|---|---|---|---|---|---|---|---|---|---|---|
| Dewey Decimal Classification | Not For Loan | Library, Independent University, Bangladesh (IUB) | Library, Independent University, Bangladesh (IUB) | Law | 13/04/2026 | Purchase | 18780.00 | 2023 | 342.5492 C7651 | 029653 | 13/04/2026 | 01 | 37560.00 | 13/04/2026 | Books | ||||
| Dewey Decimal Classification | Not For Loan | Library, Independent University, Bangladesh (IUB) | Library, Independent University, Bangladesh (IUB) | Law | 07/04/2026 | Purchase | 18780.00 | 2023 | 342.5492 C7651 | 029652 | 15/04/2026 | 02 | 37560.00 | 07/04/2026 | Books |